STN EN ISO 105-B04, Textílie. Skúšky stálofarebnosti Časť B04 Stálofarebnosť v umelej poveternosti: Skúška xenónovou výbojkou (ISO 105-B04: 1994)

Táto norma je identická s EN ISO 105-B04: 1997

Bibliographic Details
Corporate Author: NORMKONZULT (Trenčín, Slovensko) (Translator)
Other Authors: Kainová, Božena (Translator)
Format: Book
Language:Slovak
English
PhysicalDescription:16 s. 30 cm
Published: Bratislava Slovenský ústav technickej normalizácie 2001
Subjects:

MARC

LEADER 00000nam a2200000 a 4500
001 vtls008960668
003 SK-MaSNL
005 20260301080928.0
008 130117s2001 xo f u 000 0 slo
015 |a SNBN2018 
020 |c (cen. skup. 11) 
040 |a SNK  |b slo  |c SNK  |e AACR2 
041 1 |a slo  |h eng 
044 |a xo  |c SK 
046 |a s  |m 200109 (účin.) 
072 7 |a 677  |x Textilný priemysel  |2 konspekt 
072 7 |a 620.1/.2  |x Náuka o materiáli  |2 konspekt 
080 |a 677.074/.077  |2 2011 
080 |a 620.2-026.5/.8  |2 2011 
080 |a 006.86  |2 2001 
080 |a (437.6)  |2 2001 
080 |a (4)  |2 2001 
080 |a (083.742)  |2 2011 
084 |a 59.080.01  |2 ICS 
130 0 |a STN 80 0121 (STN EN ISO 105-B04)  |9 403407 
245 1 0 |a STN EN ISO 105-B04, Textílie. Skúšky stálofarebnosti  |n Časť B04  |p Stálofarebnosť v umelej poveternosti: Skúška xenónovou výbojkou (ISO 105-B04: 1994) 
246 1 0 |a Textílie 
246 1 0 |a Skúšky stálofarebnosti 
246 1 0 |a Stálofarebnosť v umelej poveternosti: Skúška xenónovou výbojkou 
246 3 0 |a ISO 105-B04: 1994 
260 |a Bratislava  |b Slovenský ústav technickej normalizácie  |c 2001 
300 |a 16 s.  |c 30 cm 
500 |a Súbežný názov anglicky, nemecky a francúzsky 
500 |a Táto norma nahrádza STN 80 0171 zo 16.11.1990 v celom rozsahu 
500 |a Spracovateľ: NORMKOMZULT Trenčín, Božena Kainová 
504 |a Citované normy s. 2 
520 8 |a Táto norma je identická s EN ISO 105-B04: 1997 
540 |a STN vydané na akomkoľvek nosiči sa môžu rozmnožovať a rozširovať iba so súhlasom určenej právnickej osoby  |b SÚTN Bratislava  |c zákon 264/1999 Z. z. 
650 0 7 |a textílie  |2 SNKPH  |9 26276 
650 0 7 |a vlastnosti materiálov  |2 SNKPH  |9 69700 
650 0 7 |a technické normy a štandardy  |z Slovensko  |2 SNKPH  |9 79594 
650 0 7 |a technické normy a štandardy  |z krajiny Európskej únie  |2 SNKPH  |9 289341 
650 0 7 |a Textile fabrics  |2 SNKPHeng  |9 278697 
650 0 7 |a Materials properties  |2 SNKPHeng  |9 274717 
655 7 |a normy  |2 SNKPH  |9 70643 
700 1 |a Kainová, Božena  |4 trl  |9 306941 
710 2 |a NORMKONZULT (Trenčín, Slovensko)  |4 trl  |9 306942 
710 2 |a Slovenský ústav technickej normalizácie (Bratislava, Slovensko).  |b Technická normalizačná komisia č. 18 Textil  |4 stn  |9 403408 
958 |a NB 
958 |a OP 
999 |c 654513  |d 656443 
952 |a SNK  |b SNK  |y PREZ  |7 0  |p 17A0547070  |o snkSTN EN ISO 105-B04  |i snk2007/9063  |8 0  |0 0  |1 0  |4 0  |d 2007-04-02  |l 0  |r 2026-02-23 18:33:09  |w 2026-02-23 
952 |a SNK  |b SNK  |y PREZ  |7 0  |p 17A0547069  |o snkSTN EN ISO 105-B04 D1  |i snk2007/9065  |8 0  |0 0  |1 0  |4 0  |d 2007-04-02  |l 0  |r 2026-02-23 18:33:09  |w 2026-02-23